| 000 | 01074nam a2200289 i 4500 | ||
|---|---|---|---|
| 003 | DO-SdBNP | ||
| 005 | 20260601114940.0 | ||
| 007 | ta | ||
| 008 | 260601b2025 dr ||||| |||| 00| 0 spa d | ||
| 020 | _a9789945524123 | ||
| 040 |
_aDO-SdBNP _bspa _cBNPHU _erda |
||
| 041 | _aspa | ||
| 082 | 4 |
_axxx _bJ61L _222 |
|
| 100 | 1 |
_aJiménez Herrera, Anyelo, _d1981- _eautor _4aut. _989823 |
|
| 245 | 1 | 0 |
_aLlamado y formación ministerial : _bconstruyendo mi destino con Dios / _cAnyelo Jiménez ; corrección, Yesenia Avila ; revisión y colaboración especial, Alexis Angulo. |
| 250 | _aPrimera edición | ||
| 264 | 4 |
_aSanto Domingo, República Dominicana : _bPublicaciones Gente de Valores, _c©2025. |
|
| 300 |
_a110 páginas ; _c23 cm. |
||
| 336 |
_atexto _btxt _2rdacontent |
||
| 337 |
_asin mediación _bn _2rdamedia |
||
| 338 |
_avolumen _bnc _2rdacarrier |
||
| 500 | _aIncluye datos biográficos del autor en la solapa de la contracubierta | ||
| 590 | _aInventariado, 2026 /LP | ||
| 700 | 1 |
_aYesenia Avila, _ecorrector _4corr. _989824 |
|
| 910 | _aLP | ||
| 942 |
_2ddc _cLBS1 |
||
| 999 |
_c60847 _d60847 |
||